000 00982nam a22002777i 4500
001 IT\ICCU\RAV\0052098
003 ItRI
005 20260115232250.0
008 890629s1966 it |||||| ||||| |||||c
015 _2IT
_a6611466
015 _2IT
_a677645
040 _bita
_cimportazione bologna sebina
041 7 _aita
_2ISO-639-2
082 _a739.2
_9OREFICERIA
_216
100 1 _aCoarelli, Filippo
_0IT\ICCU\CFIV\016663
_4aut
240 1 2 _aL'oreficeria nell'arte classica
_3IT\ICCU\CFI\0138424
_9Coarelli, Filippo
245 1 2 _aL'oreficeria nell'arte classica /
_ctesto di Filippo Coarelli.
260 _aMilano :
_bFabbri,
_c1966
300 _a158 p. :
_bill. ;
_c20 cm
650 7 _aOreficerie romane
_2scbi
650 7 _aOreficerie greche
_2scbi
650 7 _aOreficerie etrusche
_2scbi
790 1 _aCoarelli, Philippe
_3IT\ICCU\SBNV\008714
_zCoarelli, Filippo
830 0 _aÉlite. Le arti e gli stili in ogni tempo e paese ;
_v25
_0IT\ICCU\RAV\0023520
942 _2ddc
_cBK
_n0
999 _c19816
_d19816